[Event "CrunchLab Masters Div 3 L"]
[Site "chess.com INT"]
[Date "2024.07.20"]
[Round "2.1"]
[White "Vakhidov, Jakhongir"]
[Black "Hakobyan, Aram"]
[Result "1/2-1/2"]
[WhiteTitle "GM"]
[BlackTitle "GM"]
[WhiteElo "2571"]
[BlackElo "2617"]
[WhiteFideId "14201801"]
[BlackFideId "13306677"]
[EventDate "2024.07.19"]
[EventType "k.o."]

1. d4 e6 2. Nf3 Nf6 3. c4 d5 4. Nc3 Bb4 5. Qa4+ Nc6 6. e3 O-O 7. Qc2 Ne7 8. Bd2
c5 9. a3 Bxc3 10. Bxc3 cxd4 11. Bxd4 Bd7 12. Bxf6 gxf6 13. Bd3 Rc8 14. O-O Ng6
15. Qb3 dxc4 16. Bxc4 Qc7 17. Bd3 Rfd8 18. Nd4 e5 19. Nb5 Qb6 20. Qb4 Be8 21.
Bxg6 hxg6 22. Nc3 Qxb4 23. axb4 a6 24. Rfd1 Kf8 25. f3 Rxd1+ 26. Rxd1 Rc4 27.
Nd5 Ba4 28. Rd2 Bc6 29. Nxf6 Rxb4 30. Ng4 Rb5 31. e4 Ke7 32. h4 a5 33. Kf2 a4
34. Ne3 Rc5 35. g4 Kf6 36. Rd6+ Ke7 37. Rd2 Kf6 38. g5+ Ke7 39. h5 gxh5 40. Nf5+
Ke8 41. Ng7+ Ke7 42. Nf5+ Ke8 43. Kg3 b5 44. Ng7+ Ke7 45. Nf5+ Ke8 46. Ng7+ Ke7
47. Nf5+ Ke8 1/2-1/2

[Event "CrunchLab Masters Div 3 L"]
[Site "chess.com INT"]
[Date "2024.07.20"]
[Round "2.2"]
[White "Bok, Benjamin"]
[Black "Lazavik, Denis"]
[Result "1/2-1/2"]
[WhiteTitle "GM"]
[BlackTitle "GM"]
[WhiteElo "2587"]
[BlackElo "2578"]
[WhiteFideId "1017063"]
[BlackFideId "13515110"]
[EventDate "2024.07.19"]
[EventType "k.o."]

1. c4 Nf6 2. Nf3 e6 3. g3 d5 4. Bg2 Be7 5. O-O O-O 6. b3 c5 7. cxd5 Nxd5 8. Bb2
Nc6 9. d4 cxd4 10. Nxd4 Bd7 11. Na3 Nxd4 12. Qxd4 Bf6 13. Qd2 Bc6 14. Rfd1 Qe7
15. Bxf6 Qxf6 16. Qe1 Rfd8 17. Nc4 Nc3 18. Rxd8+ Rxd8 19. Bxc6 bxc6 20. Rc1 Nb5
21. Na5 Nd4 22. Nxc6 Nxc6 23. Rxc6 Qb2 24. Qa5 Qb1+ 25. Kg2 Qe4+ 26. Kh3 Rf8 27.
Qb5 e5 28. Qc4 Qf5+ 29. Kg2 h5 30. e4 Qd7 31. Rc7 Qd2 32. a4 h4 33. gxh4 Qf4 34.
h3 Qxh4 35. Rc8 Qg5+ 36. Kf1 Qh5 37. Rxf8+ Kxf8 38. Qc8+ Ke7 39. Kg2 g6 40. Qc7+
Kf8 41. Qc8+ Kg7 42. Qg4 Qh6 43. Qg3 Qh5 44. b4 Kg8 45. b5 Qd1 46. Qxe5 Qxa4 47.
h4 Qc4 48. Kg3 Qd3+ 49. f3 Qb1 50. Qc5 Qb2 51. h5 gxh5 52. Qxh5 Qb1 53. Qg5+ Kf8
54. Qc5+ Kg7 55. Kf4 Qb3 56. Qe5+ Kg8 57. Qg5+ Kf8 58. Qc5+ Kg8 59. Kg4 Kg7 60.
Qe5+ Kg8 61. Kf4 Qb1 62. Qg5+ Kf8 63. Qc5+ Kg7 64. Kf5 Qb3 65. Kg4 Qb1 66. Kf4
Qb3 67. Qg5+ Kf8 68. Qh6+ Kg8 69. Qg5+ Kf8 1/2-1/2

[Event "CrunchLab Masters Div 3 L"]
[Site "chess.com INT"]
[Date "2024.07.20"]
[Round "2.2"]
[White "Dreev, Aleksey"]
[Black "Santos Latasa, Jaime"]
[Result "1-0"]
[WhiteTitle "GM"]
[BlackTitle "GM"]
[WhiteElo "2595"]
[BlackElo "2631"]
[WhiteFideId "4100107"]
[BlackFideId "2293307"]
[EventDate "2024.07.19"]
[EventType "k.o."]

1. d4 Nf6 2. Nf3 e6 3. Bg5 h6 4. Bxf6 Qxf6 5. e4 d5 6. e5 Qd8 7. c4 c5 8. cxd5
exd5 9. Nc3 Nc6 10. Bb5 Be6 11. O-O Rc8 12. Ne2 Be7 13. Nf4 O-O 14. h3 cxd4 15.
Bxc6 bxc6 16. Nxe6 fxe6 17. Nxd4 Qd7 18. Qg4 c5 19. Qxe6+ Qxe6 20. Nxe6 Rf5 21.
f4 Kf7 22. Nd4 Rh5 23. Rac1 c4 24. Kh2 Bc5 25. Rcd1 Rb8 26. Rf2 Bxd4 27. Rxd4
Ke6 28. g4 Rh4 29. Kg3 g5 30. Re2 1-0

[Event "CrunchLab Masters Div 3 L"]
[Site "chess.com INT"]
[Date "2024.07.20"]
[Round "2.2"]
[White "Hakobyan, Aram"]
[Black "Vakhidov, Jakhongir"]
[Result "1-0"]
[WhiteTitle "GM"]
[BlackTitle "GM"]
[WhiteElo "2617"]
[BlackElo "2571"]
[WhiteFideId "13306677"]
[BlackFideId "14201801"]
[EventDate "2024.07.19"]
[EventType "k.o."]

1. d4 Nf6 2. c4 g6 3. Nc3 d5 4. cxd5 Nxd5 5. e4 Nxc3 6. bxc3 Bg7 7. Bc4 c5 8.
Ne2 Nc6 9. d5 Ne5 10. Bb3 O-O 11. O-O c4 12. Bc2 f5 13. Be3 Ng4 14. Bd4 Qd6 15.
g3 fxe4 16. Bxe4 Ne5 17. Nf4 Ng4 18. h3 Nf6 19. Bg2 g5 20. Ne6 Bxe6 21. dxe6
Rad8 22. Qa4 a6 23. Qxc4 b5 24. Qb3 Kh8 25. Rad1 Qc7 26. a4 Rb8 27. axb5 axb5
28. Rfe1 Nh5 29. Bxg7+ Nxg7 30. Qb4 Nf5 31. Rd5 Rbc8 32. Ree5 Ng7 33. Re3 Nf5
34. Rf3 Ng7 35. Rd7 Qe5 36. Qxe7 Rxf3 37. Rd8+ 1-0

[Event "CrunchLab Masters Div 3 L"]
[Site "chess.com INT"]
[Date "2024.07.20"]
[Round "2.2"]
[White "Ivic, Velimir"]
[Black "Svane, Rasmus"]
[Result "1-0"]
[WhiteTitle "GM"]
[BlackTitle "GM"]
[WhiteElo "2592"]
[BlackElo "2633"]
[WhiteFideId "950122"]
[BlackFideId "4657101"]
[EventDate "2024.07.19"]
[EventType "k.o."]

1. e4 e5 2. Nf3 Nc6 3. Bb5 a6 4. Ba4 Nf6 5. O-O Be7 6. Re1 b5 7. Bb3 O-O 8. a4
b4 9. d3 d6 10. Nbd2 Na5 11. Ba2 c5 12. c3 Rb8 13. Nc4 Nc6 14. h3 h6 15. d4 cxd4
16. cxd4 exd4 17. e5 dxe5 18. Ncxe5 Nxe5 19. Nxe5 Bb7 20. Qd3 Bd5 21. Bxd5 Qxd5
22. Qxa6 Bd6 23. Bf4 Ra8 24. Qb5 Rfe8 25. Rad1 Qxb5 26. axb5 Rab8 27. Rxd4 Bxe5
28. Rxe5 Rxe5 29. Bxe5 Rxb5 30. Rd8+ Kh7 31. Bd4 Nd5 32. g3 Ne7 33. Be3 Kg6 34.
Kf1 Nd5 35. Bd2 Kf5 36. Ke2 h5 37. Kd3 Nc7 38. Kc4 Rb6 39. Bxb4 Rc6+ 40. Kd3 g6
41. Rd6 Rc1 42. Bc3 Ne8 43. Ra6 Rf1 44. Ke2 Rh1 45. Kf3 Rd1 46. Ke2 Rd8 47. b4
Nd6 48. Kf3 Ke6 49. Bd4 Kd5 50. Bc5 Ne4 51. Be3 1-0

[Event "CrunchLab Masters Div 3 L"]
[Site "chess.com INT"]
[Date "2024.07.20"]
[Round "2.2"]
[White "Klekowski, Maciej"]
[Black "Beerdsen, Thomas"]
[Result "1-0"]
[WhiteTitle "GM"]
[BlackTitle "GM"]
[WhiteElo "2463"]
[BlackElo "2510"]
[WhiteFideId "1132717"]
[BlackFideId "1030108"]
[EventDate "2024.07.19"]
[EventType "k.o."]

1. c4 e5 2. Nc3 Nf6 3. g3 c6 4. Nf3 e4 5. Nd4 Qb6 6. Nb3 a5 7. d3 a4 8. Nd2 exd3
9. Bg2 d5 10. cxd5 Bg4 11. O-O Bb4 12. Nf3 O-O 13. Qxd3 Bxc3 14. bxc3 Nxd5 15.
Rb1 Qc7 16. c4 Nf6 17. Bf4 Qc8 18. e4 Nbd7 19. Ne5 Be6 20. Nxd7 Nxd7 21. Bd6 Re8
22. f4 f6 23. e5 fxe5 24. fxe5 g6 25. Be4 Kg7 26. Qd4 b6 27. Rf4 a3 28. Rbf1 Ra4
29. Bd3 Qd8 30. Qf2 c5 31. Rf7+ Kg8 32. Qf4 Rb4 33. Qh6 Bxf7 34. Rxf7 Kxf7 35.
Qxh7+ Ke6 36. Qxg6+ Nf6 37. Bf5# 1-0

[Event "CrunchLab Masters Div 3 L"]
[Site "chess.com INT"]
[Date "2024.07.20"]
[Round "2.2"]
[White "Kuzubov, Yuriy"]
[Black "Meier, Georg"]
[Result "0-1"]
[WhiteTitle "GM"]
[BlackTitle "GM"]
[WhiteElo "2606"]
[BlackElo "2591"]
[WhiteFideId "14112906"]
[BlackFideId "4675789"]
[EventDate "2024.07.19"]
[EventType "k.o."]

1. d4 e6 2. c4 b6 3. e4 Bb7 4. Bd3 Nc6 5. Ne2 Nb4 6. Nbc3 Nxd3+ 7. Qxd3 Ne7 8.
O-O d5 9. exd5 exd5 10. Re1 Qd7 11. c5 bxc5 12. dxc5 O-O-O 13. Nb5 Nc6 14. Qa3
d4 15. Bf4 a6 16. Nxc7 g5 17. Bxg5 Rg8 18. Bxd8 Nxd8 19. Ng3 Qxc7 20. Qd3 Qc6
21. f3 Qg6 22. Qf5+ Ne6 23. b4 Bh6 24. Qxg6 hxg6 25. Rad1 Be3+ 26. Kh1 f5 27.
Nf1 f4 0-1

[Event "CrunchLab Masters Div 3 L"]
[Site "chess.com INT"]
[Date "2024.07.20"]
[Round "2.2"]
[White "Sindarov, Javokhir"]
[Black "L'Ami, Erwin"]
[Result "1-0"]
[WhiteTitle "GM"]
[BlackTitle "GM"]
[WhiteElo "2674"]
[BlackElo "2635"]
[WhiteFideId "14205483"]
[BlackFideId "1007998"]
[EventDate "2024.07.19"]
[EventType "k.o."]

1. e4 e5 2. Nf3 Nc6 3. Bc4 Bc5 4. Nc3 Nf6 5. d3 h6 6. O-O O-O 7. a3 a6 8. Be3 d6
9. Bxc5 dxc5 10. Nd5 Be6 11. Ne3 Qd6 12. Nd2 b5 13. Bxe6 fxe6 14. a4 Nb4 15. h3
Nd7 16. Nf3 Nb6 17. b3 Nc6 18. Nh2 bxa4 19. bxa4 a5 20. Qh5 Kh7 21. Nf3 g6 22.
Qh4 Rxf3 23. gxf3 Nd4 24. Kh1 Nxf3 25. Qg3 Rf8 26. Rg1 g5 27. Rgd1 Rf4 28. Ng2
Nh4 29. Nxf4 exf4 30. Qg4 Nd7 31. Qh5 Qe7 32. e5 Nxe5 33. Re1 Nef3 34. Re4 Kg7
35. Rb1 Nd2 36. Qe2 Nxe4 37. Qxe4 Kf6 38. Qc6 Qd8 39. Re1 Qd6 40. Qxd6 cxd6 41.
Rb1 e5 42. Rb5 d5 43. Rxa5 e4 44. dxe4 dxe4 45. Rb5 e3 46. fxe3 fxe3 47. a5 e2
48. Rb1 Nf3 49. a6 1-0

[Event "CrunchLab Masters Div 3 L"]
[Site "chess.com INT"]
[Date "2024.07.20"]
[Round "2.3"]
[White "Bok, Benjamin"]
[Black "Lazavik, Denis"]
[Result "0-1"]
[WhiteTitle "GM"]
[BlackTitle "GM"]
[WhiteElo "2587"]
[BlackElo "2578"]
[WhiteFideId "1017063"]
[BlackFideId "13515110"]
[EventDate "2024.07.19"]
[EventType "k.o."]

1. e4 e5 2. Nf3 Nc6 3. Bc4 Bc5 4. d3 Nf6 5. Bg5 h6 6. Bh4 Be7 7. O-O d6 8. h3
Na5 9. Bb5+ c6 10. Ba4 b5 11. Bb3 O-O 12. Nc3 Nxb3 13. axb3 a5 14. Re1 Bb7 15.
Qd2 b4 16. Nd1 c5 17. Bg3 Nd7 18. Ne3 Re8 19. Qe2 Nb8 20. Nd2 Nc6 21. c3 Bg5 22.
Ndc4 Bc8 23. Nd5 Be6 24. Ra4 Rb8 25. Qc2 Be7 26. Rea1 Rb5 27. f4 exf4 28. Bxf4
Bf8 29. Kh1 f6 30. Bg3 Bf7 31. Kh2 Be6 32. Nce3 Qb8 33. c4 Rb7 34. Rf1 Rf7 35.
Raa1 Qd8 36. Qd1 Nd4 37. Nf4 Bc8 38. Ne2 Nc6 39. Qd2 Be6 40. Kh1 Bc8 41. Bh2 Ne7
42. Ng3 g6 43. Rf2 Bg7 44. Raf1 Ref8 45. Ne2 f5 46. exf5 Nxf5 47. Nxf5 Rxf5 48.
Rxf5 Rxf5 49. Rxf5 Bxf5 50. Bf4 Qf6 51. d4 cxd4 52. Ng3 d3 53. Nxf5 Qxf5 54.
Bxd6 Bd4 55. c5 Qf1+ 56. Kh2 Bf2 57. h4 Qg1+ 58. Kh3 Qh1+ 59. Kg4 Qxg2+ 60. Kf4
Bg3+ 61. Ke3 Qxd2+ 62. Kxd2 Bxd6 63. cxd6 Kf7 64. Kxd3 Ke6 65. Kc4 Kxd6 66. Kb5
g5 67. hxg5 hxg5 68. Kxa5 Kc5 0-1

[Event "CrunchLab Masters Div 3 L"]
[Site "chess.com INT"]
[Date "2024.07.20"]
[Round "2.3"]
[White "Ivic, Velimir"]
[Black "Svane, Rasmus"]
[Result "1-0"]
[WhiteTitle "GM"]
[BlackTitle "GM"]
[WhiteElo "2592"]
[BlackElo "2633"]
[WhiteFideId "950122"]
[BlackFideId "4657101"]
[EventDate "2024.07.19"]
[EventType "k.o."]

1. e4 e5 2. Nf3 Nc6 3. Bb5 Nf6 4. d3 Bc5 5. O-O Nd4 6. Nxd4 Bxd4 7. c3 Bb6 8.
Ba4 O-O 9. Bg5 h6 10. Bh4 d6 11. h3 c6 12. Nd2 Re8 13. Nc4 Bc7 14. Ne3 Bb6 15.
Bb3 Be6 16. Bxe6 Rxe6 17. Ng4 Kh7 18. Bxf6 gxf6 19. Kh1 f5 20. exf5 Re8 21. Qd2
Qh4 22. f4 h5 23. Qe1 Qd8 24. f6 exf4 25. Qh4 Kg6 26. Rxf4 Re6 27. Rf5 Kxf5 28.
Qxh5+ Kf4 29. Rf1+ Kg3 30. Rf3# 1-0

[Event "CrunchLab Masters Div 3 L"]
[Site "chess.com INT"]
[Date "2024.07.20"]
[Round "2.3"]
[White "Meier, Georg"]
[Black "Kuzubov, Yuriy"]
[Result "1-0"]
[WhiteTitle "GM"]
[BlackTitle "GM"]
[WhiteElo "2591"]
[BlackElo "2606"]
[WhiteFideId "4675789"]
[BlackFideId "14112906"]
[EventDate "2024.07.19"]
[EventType "k.o."]

1. Nf3 d5 2. g3 Nf6 3. Bg2 e6 4. c4 Be7 5. d4 O-O 6. O-O dxc4 7. Qc2 a6 8. a4
Bd7 9. Rd1 Bc6 10. Nc3 Bxf3 11. Bxf3 Nc6 12. Bxc6 bxc6 13. a5 Nd5 14. Na2 Qb8
15. Qxc4 Qb5 16. Qxb5 cxb5 17. e4 Nf6 18. Bg5 Rfc8 19. Rac1 Kf8 20. Bxf6 Bxf6
21. e5 Be7 22. Rc6 Ke8 23. f4 Kd7 24. Rdc1 Ra7 25. R1c2 Rb8 26. Nc1 Bb4 27. Nb3
h5 28. Kf2 g6 29. Ke3 Rh8 30. Ke4 Rd8 31. h3 Re8 32. Rc1 Rf8 33. R1c2 f5+ 34.
Kf3 Rg8 35. d5 exd5 36. Rf6 Be7 37. Rf7 Ke8 38. Rh7 c5 39. Nxc5 Bxc5 40. Rxa7
Bxa7 41. Rc8+ Kf7 42. Rc7+ Ke6 43. Rxa7 d4 44. Rxa6+ Kd5 45. Rd6+ Kc4 46. a6 Rg7
47. g4 hxg4+ 48. hxg4 Kd3 49. g5 b4 50. Rb6 Kc4 51. Rb7 Rg8 52. a7 Ra8 53. e6 d3
54. Ke3 Re8 55. e7 b3 56. Rc7+ Kb5 57. Kxd3 Kb6 58. Rd7 Kc5 59. Rd8 Rxe7 60.
a8=Q Rd7+ 61. Rxd7 1-0

[Event "CrunchLab Masters Div 3 L"]
[Site "chess.com INT"]
[Date "2024.07.20"]
[Round "2.3"]
[White "Santos Latasa, Jaime"]
[Black "Dreev, Aleksey"]
[Result "1-0"]
[WhiteTitle "GM"]
[BlackTitle "GM"]
[WhiteElo "2631"]
[BlackElo "2595"]
[WhiteFideId "2293307"]
[BlackFideId "4100107"]
[EventDate "2024.07.19"]
[EventType "k.o."]

1. d4 d5 2. c4 e6 3. Nc3 Nf6 4. cxd5 exd5 5. Bg5 c6 6. e3 h6 7. Bh4 Be7 8. Bd3
O-O 9. Nge2 Re8 10. O-O Nh5 11. Bxe7 Qxe7 12. Qd2 Nd7 13. Rab1 a5 14. Rbe1 Nhf6
15. Ng3 Nf8 16. f3 Ne6 17. Nf5 Qd8 18. Qf2 c5 19. Qg3 Ng5 20. dxc5 Bxf5 21. Bxf5
d4 22. exd4 Qxd4+ 23. Qf2 Qf4 24. Bc2 Ne6 25. Be4 Nxe4 26. Rxe4 Qg5 27. Rfe1
Red8 28. Re5 Qd2 29. R5e2 Qd4 30. Re5 Rac8 31. Qxd4 Rxd4 32. c6 Rxc6 33. Rxa5
Rd2 34. Rb5 Nf4 35. Re4 Rg6 36. Rxf4 Rgxg2+ 37. Kf1 Rxh2 38. Rg4 h5 39. Rgg5 h4
40. Kg1 Rxb2 41. Rxb2 Rxb2 42. Rh5 Rc2 43. Ne4 Rxa2 44. Rxh4 f6 45. Rh5 Rb2 46.
Rc5 Kh7 47. Nf2 b5 48. Kg2 b4 49. Rb5 g5 50. Kg3 Kg6 51. Nd3 Rd2 52. Nxb4 f5 53.
Nd5 f4+ 54. Kh3 Rf2 55. Rb3 Kf5 56. Ne7+ Kf6 57. Nc6 Rd2 58. Rb5 Rd1 59. Rc5
Rh1+ 60. Kg2 Re1 61. Nd4 Kg6 62. Rc6+ Kh5 63. Ne6 g4 64. Nxf4+ Kg5 65. Ne6+ Kh4
66. f4 Re2+ 67. Kf1 Re3 68. Nd4 g3 69. Nf5+ Kg4 70. Nxe3+ Kf3 71. Ng2 Kg4 72.
Rc3 Kh3 73. f5 Kg4 74. f6 Kg5 75. f7 Kg4 76. f8=Q Kh3 77. Qh6+ 1-0

[Event "CrunchLab Masters Div 3 L"]
[Site "chess.com INT"]
[Date "2024.07.20"]
[Round "3.1"]
[White "Lazavik, Denis"]
[Black "Hakobyan, Aram"]
[Result "1/2-1/2"]
[WhiteTitle "GM"]
[BlackTitle "GM"]
[WhiteElo "2578"]
[BlackElo "2617"]
[WhiteFideId "13515110"]
[BlackFideId "13306677"]
[EventDate "2024.07.19"]
[EventType "k.o."]

1. d4 Nf6 2. c4 e6 3. Nf3 d5 4. g3 Be7 5. Bg2 O-O 6. Qd3 c5 7. O-O Nc6 8. cxd5
Nxd5 9. dxc5 Bxc5 10. Nc3 h6 11. Bd2 b6 12. Rfd1 Bb7 13. Nxd5 Qxd5 14. Qxd5 exd5
15. Bc3 Rfd8 16. e3 a5 17. Rd2 a4 18. a3 Na5 19. Bxa5 Rxa5 20. Rc1 g6 21. Nd4
Kg7 22. h4 Rc8 23. Ne2 Rd8 24. Rcd1 Be7 25. Rc1 Ba8 26. Nd4 Rc5 27. Rcd1 Bf6 28.
Bf1 Rdc8 29. Be2 h5 30. Kf1 Kf8 31. Ke1 Bb7 32. Rb1 Ke7 33. b3 Rc1+ 34. Rd1
Rxd1+ 35. Kxd1 Bc6 36. b4 Bd7 37. Rc1 Rxc1+ 38. Kxc1 Kd6 39. Kd2 Bg7 40. Bd3 Bf6
41. Bc2 Bg7 42. Bd3 Bf6 43. Be2 Bg7 44. Bf3 Bf6 45. Be2 1/2-1/2

[Event "CrunchLab Masters Div 3 L"]
[Site "chess.com INT"]
[Date "2024.07.20"]
[Round "3.1"]
[White "Makarian, Rudik"]
[Black "Sindarov, Javokhir"]
[Result "1/2-1/2"]
[WhiteTitle "IM"]
[BlackTitle "GM"]
[WhiteElo "2525"]
[BlackElo "2674"]
[WhiteFideId "44105681"]
[BlackFideId "14205483"]
[EventDate "2024.07.19"]
[EventType "k.o."]

1. d4 Nf6 2. c4 g6 3. Nc3 Bg7 4. e4 d6 5. Be2 O-O 6. Nf3 e5 7. O-O h6 8. Qc2 Nc6
9. dxe5 dxe5 10. Be3 Nd4 11. Bxd4 exd4 12. Nd5 Re8 13. Nxf6+ Qxf6 14. Bd3 Be6
15. Rae1 Rad8 16. Nd2 g5 17. e5 Qe7 18. Qd1 Qb4 19. f4 gxf4 20. Rxf4 Kf8 21. b3
Ke7 22. Nf3 Kd7 23. Bf5 Kc8 24. Bxe6+ fxe6 25. Qd3 Bf8 26. h4 Be7 27. Kh2 Qc3
28. Rd1 Qxd3 29. Rxd3 c5 30. g3 Kd7 31. g4 Rg8 32. Kg3 Rg7 33. Nd2 Kc6 34. Ne4
b5 35. cxb5+ Kxb5 36. Nd2 Kc6 37. Rdf3 Kd5 38. Nc4 Rdg8 39. Kh3 Bd8 40. Rf1 Bc7
41. Re1 a5 42. a4 Rb8 43. Rf3 Rxb3 44. Rxb3 Kxc4 45. Rb5 d3 46. Rc1+ Kd4 47.
Rbxc5 d2 48. Rxc7 dxc1=Q 49. Rxc1 Kxe5 50. Rc5+ Kf4 51. Rc6 Rd7 52. Rc4+ Kf3 53.
g5 hxg5 54. hxg5 e5 55. Rc6 Kf4 56. g6 Kf5 57. Kg3 Rg7 58. Kf3 Rxg6 59. Rc5 Rb6
60. Rxa5 Rb3+ 61. Ke2 Kf4 62. Rb5 Ra3 63. Rb4+ e4 64. Rb2 Rxa4 65. Rb3 Ra2+ 66.
Ke1 Rh2 67. Ra3 Rg2 68. Rb3 Rc2 69. Ra3 Rc8 70. Rb3 Rd8 71. Ke2 Rh8 72. Ra3 Rb8
73. Rc3 Rb2+ 74. Ke1 e3 75. Rc8 Rb1+ 76. Ke2 Rb2+ 77. Ke1 Rb1+ 78. Ke2 Rb2+ 79.
Ke1 1/2-1/2

[Event "CrunchLab Masters Div 3 L"]
[Site "chess.com INT"]
[Date "2024.07.20"]
[Round "3.1"]
[White "Meier, Georg"]
[Black "Klekowski, Maciej"]
[Result "1-0"]
[WhiteTitle "GM"]
[BlackTitle "GM"]
[WhiteElo "2591"]
[BlackElo "2463"]
[WhiteFideId "4675789"]
[BlackFideId "1132717"]
[EventDate "2024.07.19"]
[EventType "k.o."]

1. Nf3 Nf6 2. g3 d5 3. Bg2 c6 4. O-O Bg4 5. h3 Bxf3 6. Bxf3 Nbd7 7. d3 e6 8. c4
Bd6 9. Bg2 O-O 10. Nd2 Qe7 11. e3 a5 12. Qc2 Rfd8 13. Rd1 b5 14. Rb1 bxc4 15.
dxc4 a4 16. b3 axb3 17. axb3 e5 18. Nf3 g6 19. Bb2 Nc5 20. cxd5 cxd5 21. Bxe5
Bxe5 22. Nxe5 Rac8 23. Qb2 Nfe4 24. Rbc1 Qf6 25. Bxe4 Nxe4 26. Rxc8 Rxc8 27.
Rxd5 Nc3 28. Ra5 Qf5 29. Kg2 Qe4+ 30. Nf3 Nd1 31. Qd4 Qc2 32. e4 h5 33. Rd5 Nc3
34. Rd8+ Rxd8 35. Qxd8+ Kh7 36. Qc7 Kg7 37. b4 Qb3 38. Qe5+ Kg8 39. Qe8+ Kg7 40.
Ne5 Ne2 41. Nd7 Qxb4 42. Qe5+ Kg8 43. Nf6+ Kf8 44. Nd5 Qc5 45. Qh8# 1-0

[Event "CrunchLab Masters Div 3 L"]
[Site "chess.com INT"]
[Date "2024.07.20"]
[Round "3.1"]
[White "Santos Latasa, Jaime"]
[Black "Ivic, Velimir"]
[Result "0-1"]
[WhiteTitle "GM"]
[BlackTitle "GM"]
[WhiteElo "2631"]
[BlackElo "2592"]
[WhiteFideId "2293307"]
[BlackFideId "950122"]
[EventDate "2024.07.19"]
[EventType "k.o."]

1. d4 d5 2. c4 c6 3. Nf3 Nf6 4. e3 Bf5 5. Nc3 e6 6. Nh4 Be4 7. f3 Bg6 8. Bd2 Be7
9. Nxg6 hxg6 10. Qc2 dxc4 11. Bxc4 Nd5 12. O-O-O Nb4 13. Qb1 b5 14. Be2 a5 15.
a3 Nd5 16. Nxd5 Qxd5 17. Qe4 Qa2 18. Qb1 Qd5 19. Qe4 Qa2 20. Kc2 Bxa3 21. Bc3 a4
22. Bxb5 f5 23. Qd3 Qb3+ 24. Kd2 Bb4 25. Rb1 Bxc3+ 26. bxc3 Qa2+ 27. Kc1 cxb5
28. Qxb5+ Nd7 29. Rb2 Qa1+ 0-1

[Event "CrunchLab Masters Div 3 L"]
[Site "chess.com INT"]
[Date "2024.07.20"]
[Round "3.2"]
[White "Ivic, Velimir"]
[Black "Santos Latasa, Jaime"]
[Result "0-1"]
[WhiteTitle "GM"]
[BlackTitle "GM"]
[WhiteElo "2592"]
[BlackElo "2631"]
[WhiteFideId "950122"]
[BlackFideId "2293307"]
[EventDate "2024.07.19"]
[EventType "k.o."]

1. e4 c5 2. Nf3 Nc6 3. Bb5 e6 4. O-O Nge7 5. Re1 a6 6. Bf1 d5 7. exd5 Nxd5 8. d4
Nf6 9. Be3 cxd4 10. Nxd4 Bd7 11. c4 Qc7 12. Nc3 Bd6 13. g3 Ne7 14. Rc1 Rc8 15.
Na4 O-O 16. Nb6 Rcd8 17. Nxd7 Rxd7 18. Qc2 Bc5 19. Bf4 Qb6 20. Nb3 Nf5 21. Bh3
Nd4 22. Nxd4 Bxd4 23. c5 Qxb2 24. Qxb2 Bxb2 25. Rc2 Bd4 26. c6 bxc6 27. Rxc6 a5
28. a4 Rb7 29. Be5 Rb6 30. Rxb6 Bxb6 31. Rb1 Bc5 32. Rb5 Rc8 33. Rxa5 Ne4 34.
Bg2 Bxf2+ 35. Kf1 Rc1+ 36. Ke2 Re1+ 37. Kd3 Nc5+ 38. Kc4 f6 39. Ra8+ Kf7 40. Bd6
Rc1+ 41. Kb5 Nb3 42. a5 Nd4+ 43. Ka6 Be1 44. Bf4 Ra1 45. Bc7 Ra2 46. Bb7 Rxh2
47. Rd8 Nb3 48. Rd7+ Kg6 49. Bb6 Bxa5 50. Rd3 Bxb6 51. Kxb6 Rb2 52. Kc7 Nc5 0-1

[Event "CrunchLab Masters Div 3 L"]
[Site "chess.com INT"]
[Date "2024.07.20"]
[Round "3.2"]
[White "Klekowski, Maciej"]
[Black "Meier, Georg"]
[Result "0-1"]
[WhiteTitle "GM"]
[BlackTitle "GM"]
[WhiteElo "2463"]
[BlackElo "2591"]
[WhiteFideId "1132717"]
[BlackFideId "4675789"]
[EventDate "2024.07.19"]
[EventType "k.o."]

1. c4 b6 2. Nc3 Bb7 3. d4 e6 4. e4 Bb4 5. f3 Ne7 6. Bd3 e5 7. a3 Bxc3+ 8. bxc3
Nbc6 9. Be3 O-O 10. f4 exf4 11. Bxf4 f5 12. Nh3 Na5 13. d5 fxe4 14. Bxe4 Ng6 15.
O-O Nxf4 16. Nxf4 Qg5 17. Qf3 Nxc4 18. Qh3 g6 19. Qd3 Ne5 20. Qd2 Ba6 21. Rf2
Ng4 22. Nxg6 Qxd2 23. Ne7+ Kh8 24. Rxd2 Rae8 25. d6 cxd6 26. Bf5 Ne3 27. Nd5
Nxf5 0-1

[Event "CrunchLab Masters Div 3 L"]
[Site "chess.com INT"]
[Date "2024.07.20"]
[Round "3.2"]
[White "Sindarov, Javokhir"]
[Black "Makarian, Rudik"]
[Result "1/2-1/2"]
[WhiteTitle "GM"]
[BlackTitle "IM"]
[WhiteElo "2674"]
[BlackElo "2525"]
[WhiteFideId "14205483"]
[BlackFideId "44105681"]
[EventDate "2024.07.19"]
[EventType "k.o."]

1. e4 c5 2. Nf3 d6 3. d4 cxd4 4. Nxd4 Nf6 5. Bd3 g6 6. h3 Bg7 7. Be3 O-O 8. c4
e6 9. Nc3 d5 10. cxd5 exd5 11. e5 Ne4 12. Bxe4 dxe4 13. e6 Bxe6 14. Nxe6 Bxc3+
15. bxc3 Qxd1+ 16. Rxd1 fxe6 17. Rd4 Nc6 18. Rxe4 e5 19. h4 Kf7 20. h5 Kf6 21.
Ke2 g5 22. h6 Kg6 23. Rd1 Kf5 24. f3 Rad8 25. Rg4 Rg8 26. Rxd8 Nxd8 27. Bxa7 Ne6
28. Rb4 Nf4+ 29. Kf1 g4 30. fxg4+ Rxg4 31. Rxb7 Rxg2 32. Rf7+ Ke6 33. Rxh7 Rxa2
34. Rb7 Rh2 35. h7 Ng6 36. Bc5 Nh8 37. Bf8 Ng6 38. Bb4 Nh8 39. c4 Nf7 40. c5
Rxh7 41. c6 Rh1+ 42. Ke2 Rc1 43. Re7+ Kd5 44. Rxf7 Rxc6 45. Kd3 Rb6 46. Bc3 Rh6
47. Rd7+ Ke6 48. Ra7 Rh3+ 49. Kc4 Rh4+ 50. Kc5 Rh1 51. Ra8 Rc1 52. Kc4 e4 53.
Kd4 e3 54. Re8+ Kd7 55. Rxe3 Rh1 56. Kd5 Rd1+ 57. Bd4 Rd2 58. Rh3 Rd1 59. Rh7+
Kd8 60. Ke5 Kc8 61. Bc5 Rd7 62. Rh6 Kb7 63. Bd6 Kc6 64. Ba3+ Kb5 65. Rh1 Rd2 66.
Rc1 Rh2 67. Bd6 Rh5+ 68. Kd4 Rh4+ 69. Kd5 Rh5+ 70. Be5 Rg5 71. Rh1 Rf5 72. Rb1+
Ka5 73. Kd4 Ka6 74. Rb2 Rh5 75. Bd6 Rb5 76. Rh2 Kb6 77. Rh6 Rb1 78. Be5+ Kb5 79.
Kd5 Rg1 80. Rh5 Kb4 81. Bd4 Rg8 82. Be5 Rg2 83. Rh8 Rg5 84. Kd4 Kb5 85. Rc8 Rh5
86. Rb8+ Ka6 87. Kd5 Ka5 88. Kd4 Ka6 89. Bd6 Rb5 90. Rc8 Kb7 91. Rc7+ Kb6 92.
Rc1 Rh5 93. Rb1+ Kc6 94. Bf4 Rd5+ 95. Kc4 Rc5+ 96. Kd4 Rd5+ 97. Ke4 Ra5 98. Rc1+
Rc5 99. Rh1 Rc4+ 100. Ke5 Rc5+ 101. Ke6 Rc2 102. Be5 Rg2 103. Rc1+ Kb5 104. Rc8
Rg6+ 105. Kd5 1/2-1/2